000
00334nam a2200133Ia 4500
008
240624s9999 xx 000 0 und d
041
_a
eng
082
_a
658.3 PAS
100
_a
PASSMORE JONATHAN
245
_a
DIVERSITY IN COACHING WORKING WITH GENDE
260
_c
2009
_a
London
_b
Kogan Page
300
_a
287 : p.
365
_c
RS
_b
27
999
_c
15416
_d
15416